DOĞANIIN KALBİ CAFER AMCA (Record no. 1223096)

MARC details
000 -LEADER
sabit uzunluktaki kontrol alanı 00260nam a2200097Ia 4500
001 - KONTROL NUMARASI
kontrol alanı 1223096
005 - EN SON İŞLEMİN TARİH VE ZAMANI
kontrol alanı 20250827092901.0
008 - SABİT-UZUNLUKTA VERİ ÖĞELERİ--GENEL BİLGİ
sabit uzunluktaki kontrol alanı 250824s9999 xx 000 0 und d
245 #0 - ESER / YAZAR
ESER ADI DOĞANIIN KALBİ CAFER AMCA
Yazar Adı AYŞE ŞENGÜL
260 ## - YAYIN, DAĞITIM, VB.
YAYIN EVİ MAVİ ÇOCUK YAYINEVİ
Holdings
Düşüm durumu Kayıp durumu Hasar Durumu Ödünç verilmez Ana kütüphane Geçerli Kütüphane Edinilen tarih Toplam ödünç verme sayısı Barkod Son görüntüleme tarihi Fiyatın geçerli olmaya başladığı tarih Koha materyal türü
        OSMANGAZİ İLKOKULU OSMANGAZİ İLKOKULU 24.08.2025   10386007 27.08.2025 27.08.2025 Books